| 000 | 00923cab a2200241 4500 | ||
|---|---|---|---|
| 001 | ABS54089 | ||
| 008 | 090401t1995 xxu||||| |||| 00| 0 eng d | ||
| 035 | _a(Sirsi) u8427 | ||
| 041 | _aeng | ||
| 100 | _aJessel, C. | ||
| 245 | _aDrafting farm business leases | ||
| 260 | _c1995 | ||
| 350 | _a0 | ||
| 490 |
_aEstates Gazette _v(9545) 11 November 1995, 126-127(2) |
||
| 520 | _aDescribes the procedure for drafting a farm business lease now that surveyors are able to perform a duty previously restricted to the legally qualified. The article outlines the formalities of the deed, its termination, rent review aspects and other issues to consider. | ||
| 650 | _aAGRICULTURAL TENANCIES ACT 1995 | ||
| 650 | _aPROPERTY-LANDLORD AND TENANT-TENANCIES-AGRICULTURAL TENANCIES | ||
| 650 | _aFARM BUSINESS LEASES | ||
| 650 | _aFARM BUSINESS TENANCIES | ||
| 690 | _aRURAL PRACTICE | ||
| 942 | _n0 | ||
| 948 | _c04/03/1997 | ||
| 999 |
_c5191 _d5191 |
||